<?xml version="1.0" encoding="UTF-8"?>
<marc:record xmlns:marc="http://www.loc.gov/MARC21/slim">
   <marc:leader>00000nam a2200000 a 4500</marc:leader>
   <marc:datafield ind1="1" ind2=" " tag="100">
      <marc:subfield code="a">Schwikart, Georg</marc:subfield>
      <marc:subfield code="4">ctb</marc:subfield>
      <marc:subfield code="e">Mitwirkende/-r</marc:subfield>
   </marc:datafield>
   <marc:datafield ind1="1" ind2=" " tag="100">
      <marc:subfield code="a">Kalmár, János</marc:subfield>
      <marc:subfield code="4">ctb</marc:subfield>
      <marc:subfield code="e">Mitwirkende/-r</marc:subfield>
   </marc:datafield>
   <marc:datafield ind1=" " ind2=" " tag="653">
      <marc:subfield code="a">Softcover</marc:subfield>
   </marc:datafield>
   <marc:datafield ind1=" " ind2=" " tag="653">
      <marc:subfield code="a">Karte</marc:subfield>
   </marc:datafield>
   <marc:datafield ind1=" " ind2=" " tag="653">
      <marc:subfield code="a">Bildband</marc:subfield>
   </marc:datafield>
   <marc:datafield ind1="0" ind2="0" tag="245">
      <marc:subfield code="a">Wien</marc:subfield>
   </marc:datafield>
   <marc:datafield ind1="0" ind2="0" tag="245">
      <marc:subfield code="c">mit Bildern von János Kalmár und Texten von Georg Schwikart</marc:subfield>
   </marc:datafield>
   <marc:datafield ind1=" " ind2="1" tag="264">
      <marc:subfield code="a">Würzburg</marc:subfield>
      <marc:subfield code="b">Verl.-Haus Würzburg</marc:subfield>
      <marc:subfield code="c">2007</marc:subfield>
   </marc:datafield>
   <marc:datafield ind1="1" ind2=" " tag="490">
      <marc:subfield code="a">Horizont</marc:subfield>
   </marc:datafield>
   <marc:datafield ind1="1" ind2=" " tag="520">
      <marc:subfield code="a">Angaben aus der Verlagsmeldung

Wien / von Georg Schwikart

Jahrhunderte bedeutendster Geschichte verbinden sich in der eleganten Weltstadt Wien zu einem lebendigen und festlichen Bild mit gotischen Kirchen, barocken Schlössern, phantasievollen Jugendstil-Häusern und modernen Glasfassaden. In den gemütlichen Kaffeehäusern und traditionsreichen Heurigen kann man der Lebenskunst der Wiener begegnen, auf glanzvollen Bällen und berühmten Konzerten die musikalische Seite Wiens erleben.

Die vielen liebenswerten Besonderheiten wie die Fiaker, die schmackhafte Küche oder die einzigartige Spanische Hofreitschule machen Wien zu einem unvergesslichen Erlebnis. Museen von Weltrang, architektonische Glanzstücke und bedeutende Theater lassen die Heimatstadt berühmter Komponisten auch zu einem Kunstgenuss werden. Der bunte Prater – weltberühmt durch sein Riesenrad – und der grüne Wienerwald versprechen Erholung von anstrengenden Stadtbesichtigungen.

290 Bilder zeigen die Donaumetropole in all ihren Facetten. Sechs Specials berichten über die Kaffeehäuser, den Jugendstil in Wien, die Musik, Kaiserin Sissi, Schriftsteller und Dichter der Stadt und das besondere Verhältnis der Wiener zum Tod.

Fotograf
János Kalmár lebt und arbeitet als freier Fotograf in Wien. Er ist Bildautor zahlreicher Bildbände. Schwerpunkte seiner Arbeit sind kulturhistorische Themen, Landschafts- und Städteportraits.

Autor
Georg Schwikart lebt als freier Schriftsteller und Publizist in Sankt Augustin bei Bonn. Neben seinen zahlreichen Büchern und Beiträgen für Anthologien, Zeitungen und Magazine ist er auch für Rundfunk und Fernsehen tätig.
</marc:subfield>
   </marc:datafield>
   <marc:datafield ind1=" " ind2=" " tag="020">
      <marc:subfield code="a">9783800317455</marc:subfield>
      <marc:subfield code="9">9783800317455</marc:subfield>
   </marc:datafield>
   <marc:datafield ind1=" " ind2=" " tag="020">
      <marc:subfield code="a">3800317451</marc:subfield>
      <marc:subfield code="9">3800317451</marc:subfield>
   </marc:datafield>
   <marc:datafield ind1=" " ind2=" " tag="041">
      <marc:subfield code="a">ger</marc:subfield>
   </marc:datafield>
   <marc:datafield ind1=" " ind2=" " tag="300">
      <marc:subfield code="a">156 S.</marc:subfield>
   </marc:datafield>
</marc:record>
